Normal view
MARC view
- DIFFERENTIAL AND INTEGRAL CALCULUS
Entry Topical Term
001 - CONTROL NUMBER
- control field: 78775
003 - CONTROL NUMBER IDENTIFIER
- control field: NUST
005 - DATE AND TIME OF LATEST TRANSACTION
- control field: 20210628210247.0
008 - FIXED-LENGTH DATA ELEMENTS
- fixed length control field: 210628|| aca||aabn | a|a d
040 ## - CATALOGING SOURCE
- Original cataloging agency: NUST
- Transcribing agency: NUST
150 ## - HEADING--TOPICAL TERM
- Topical term or geographic name entry element: DIFFERENTIAL AND INTEGRAL CALCULUS
670 ## - SOURCE DATA FOUND
- Source citation: Work cat.: (NUST): AYERS, FRANK 78774, THEORY AND PROBLEMS OF DIFFERENTIAL AND INTEGRAL CALCULUS SI METRIC UNITS,INCLUDING OVER 1170 FULLY SOLVED PROBLEMS, 1964
